Регионална библиотека "Любен Каравелов" - Русе

Led Zeppelin - Стълба към вечността (Запис номер 332350)

MARC детайли
000 -Лидер
Контролно поле с фиксирана дължина nam a22 7a 4500
003 - Код на организацията, давaща контролен номер
Контролно поле BLK
005 - Дата и час на последна редакция
Контролно поле 20220314113012.0
008 - Елементи от данни с фиксирана дължина
fixed length control field 190708b bu ||||| |||| 00| 0 bu d
020 ## - Международен стандартен номер на книга ISBN
Международен стандартен номер на книга ISBN 9789545783708
040 ## - Източник на каталожния запис
Идентификатор на билиотеката - собственик на записа BLK
041 ## - Код за език
Код за езика на текст/звукозапис или на отделно заглавие Български
Код за езика КДБФ Български
080 ## - УДК
Текстов определител УДК Българска литература
УДК код - определител по УДК 821.163.2
УДК - код + определител 821.163.2-9
100 ## - Редна дума - Автор
Автор Дянков, Явор
Авторска отговорност първи автор
R(LIN) 1299
139 ## - Редно поле
Редна дума Дянков, Явор
Авторски знак Дя - Д 99
245 ## - Сведения за заглавието
Заглавие Led Zeppelin - Стълба към вечността
Редно поле (дума) Явор Дянков
260 ## - Област на издателските данни
9 (RLIN) 209646
Място на издаване, разпространение и проч. София
Име на издателя, разпространителя и проч. Хелиопол
Година на издаване 2019
300 ## - Физическа характеристика
Страници 144 с.
Илюстрации и др. с ил.
Размери/Мащаб 23 см
380 ## - Жанр
Жанр Худож. лит.
852 ## - Местоположение
Фондова буква Заемна - подръчен фонд
Систематично-азбучна сигнатура П 886.7-9/Д 99
999 ## - СИСТЕМНИ КОНТРОЛНИ НОМЕРА
Koha biblionumber 332350
Koha biblioitemnumber 332350
942 ## - АРТИКУЛИ
Вид на библиотечния материал Книги
Скрит в OPAC Не
Koha issues (borrowed), all copies 4
Наличности
Код за отписване Код за изгубен артикул Източник на класификационната схема Код за повреда Код за отдаване Артикулен № Име на библиотеката - собственик Име на библиотеката, в която се намира в момента Статус (Текущо местоположение) Дата на вписване в системата Местоположение - отдел Цена в лева Систематично азбучна сигнатура Баркод Цена в евро Служебен тип на артикула
  Не е изгубен Universal Decimal Classification Не е повреден заемане за дома 729487 Регионална библиотека "Любен Каравелов" Русе Регионална библиотека "Любен Каравелов" Русе Заемна - подръчен фонд 2019-07-10 Заемна - подръчен фонд 15.99 П 886.7-9/Д 99 120000833272 8.18 Книги
Vip Innovations Ltd, Rousse, Bulgaria 2025